000 004510000a22001810004500
003 MACL
005 20160120120644.0
008 160120b xxu||||| |||| 00| 0 eng d
040 _aMACL
_cMACL
041 _aEnglish
082 _a160/MAL
100 _aMalhotra, Dr A M
_96148
245 _aIntelligence and Aptitude tests
260 _bBright Careers Institute
_aDelhi
_c1968
350 _a50
650 _aLogic
_921842
942 _cBK
_k160/MAL
_2ddc
999 _c32599
_d32599